| 000 | 00605nam a2200169 a 4500 | ||
|---|---|---|---|
| 001 | BRCA_2115 | ||
| 005 | 20190320203656.0 | ||
| 008 | 120808s1991----mx-#---###---#000-0#spa-# | ||
| 050 | 4 |
_aF1391.P8 _b.L43 58 _c1991 |
|
| 100 | 1 |
_aGómez, Cristina _96402 |
|
| 245 | 1 | 0 |
_aEl obispo Pérez y la revolución de independencia _cCristina Gómez. |
| 260 |
_aPuebla, México _bGobierno del Estado de Puebla : Secretaría de Cultura : Comisión Puebla V Centenario _c1991 |
||
| 300 |
_a24 p. _c21 cm. |
||
| 440 | 0 |
_aLecturas Históricas de Puebla _n58 _96403 |
|
| 651 | 4 |
_aPuebla (México) _xHistoria _9409 |
|
| 942 |
_2lcc _cB |
||
| 999 |
_c1872 _d1872 |
||